| 000 | 00333nam a2200121Ia 4500 | ||
|---|---|---|---|
| 008 | 240731s9999 xx 000 0 und d | ||
| 022 | _a1540-7330 | ||
| 245 | 0 | _aJournal of Prevention & Intervention in the Community | |
| 260 | _bTaylor & Francis | ||
| 856 | _uhttps://www.tandfonline.com/loi/wpic20 | ||
| 942 | _2ddc | ||
| 942 | _cTFEJ | ||
| 999 |
_c78081 _d78081 |
||
| 945 |
_a1 _bMadushi Gamage _c1 _dMadushi Gamage |
||